000 00584nam a2200169 i 4500
001 88362
003 ES-MaACL
005 20230906175839.0
007 t|
008 050104s1914 sp ||||1| spa d
100 1 _aLaguna Azorín, José María.
_969624
245 1 4 _aLos tribunales de honor
_b: la organización y funcionamiento : validez legal de sus fallos /
_cJosé María Laguna Azorín.
260 _aMadrid :
_b[s.n.,
_c1914] (
_fImp. de los hijos de M.G. Hernández)
300 _a60 p. ;
_c20 cm.
650 4 _aTribunales de honor.
_9155587
852 _aES-MaACL
_jT-1427-F-11
999 _c88362
_d88362